Emotional Intelligence : (Record no. 4041)

MARC details
000 -LEADER
fixed length control field 00411nam a22001337a 4500
008 - FIXED-LENGTH DATA ELEMENTS--GENERAL INFORMATION
fixed length control field 241108b xxu||||| |||| 00| 0 eng d
020 ## - INTERNATIONAL STANDARD BOOK NUMBER
International Standard Book Number 978-0-553-84007-0
082 ## - DEWEY DECIMAL CLASSIFICATION NUMBER
Classification number 125.4
Item number GOL 2020
245 ## - TITLE STATEMENT
Title Emotional Intelligence :
Remainder of title why it can matter more than IQ
Statement of responsibility, etc. Goleman, Daniel
250 ## - EDITION STATEMENT
Edition statement 25th Anniversary Ed.
260 ## - PUBLICATION, DISTRIBUTION, ETC. (IMPRINT)
Place of publication, distribution, etc. New York,
Name of publisher, distributor, etc. Bantam Books
Date of publication, distribution, etc. 2020
300 ## - PHYSICAL DESCRIPTION
Extent xxx, 497p
Other physical details Includes Index
942 ## - ADDED ENTRY ELEMENTS (KOHA)
Source of classification or shelving scheme Dewey Decimal Classification
Koha item type Books
Holdings
Withdrawn status Lost status Source of classification or shelving scheme Damaged status Not for loan Home library Current library Date acquired Total Checkouts Full call number Barcode Date last seen Price effective from Koha item type
    Dewey Decimal Classification     Continental House Library Continental House Library 11/04/2024   125.4 GOL 2010 2024-0003 11/08/2024 11/08/2024 Books
LIBRARY OPENING HOURS

When the Parliament is sitting: 8.00a.m - 7.00p.m or until the house adjourns
Mondays and Fridays and when the House is on Recess:  8.00a.m - 5.00p.m
Closed on Weekends and Public Holidays

Online Public Access Catalog (OPAC)
Website: http://www.parliament.go.ke
Bunge Library: https://libraryir.parliament.go.ke
Contact: library@parliament.go.ke | Tel no: (254-2)2221291 or 2848000 Ext 5043